• 首页
  • 本馆介绍
  • 公告通知
  • 最新文献
  • 馆藏检索
  • 电子资源
  • 读者导购
  • 参考咨询
  • 我的图书馆
  • 登录
  • 详细信息显示
  • 放入我的书架
  • 预约/预借图书
  • 作者相关作品
  • 分类相关作品
  • 丛书相关作品
  • 出版社相关作品

书目信息

  • 表格格式
  • 工作单格式
  • 卡片格式
题名:
大元帅斯大林
    
 
作者: 卡尔波夫 ;何宏江
分册:  
出版信息: 北京   社会科学出版社  2005
页数: 800
开本: 20cm
丛书名: 世界社会主义研究丛书
单 册:
中图分类: A74
科图分类:
主题词: 斯大林--生平事迹 , 斯大林--传记
电子资源:
ISBN: 7-80190-701-9
000 00672nam0 2200229 450
001 0735257515
005 20070904094737.51
010    @a7-80190-701-9@b精装@d85
100    @a20070904d km y0chiy0120 ea
101 0  @achi
200 1  @a大元帅斯大林@Ada yuan shuai si da lin@f卡尔波夫@Fka er bo fu@g何宏江@Ghe hong jiang
210    @a北京@c社会科学出版社@d2005
215    @a800@d20cm
225 2  @a世界社会主义研究丛书
410  0 @12001 @a世界社会主义研究丛书
606 0  @a斯大林@x生平事迹
606 0  @a斯大林@x传记
690    @aA74@v3
701  0 @a卡尔波夫@Aka er bo fu
702  0 @a何宏江@Ahe hong jiang
801  0 @aCN@bPFT@c20070904
905    @a213230@dA74@ea1@f1
    
    大元帅斯大林/卡尔波夫/何宏江.-北京:社会科学出版社,2005
    800;20cm.-(世界社会主义研究丛书)
    
    
    ISBN 7-80190-701-9(精装):85
    
●
相关链接 在E读中查询图书 在五车中查询图书 在当当中查询图书 在豆瓣中查询图书


正题名:大元帅斯大林     索取号:A74/a1         预约/预借

序号 登录号 条形码 馆藏地/架位号 状态 备注
1 7500115   275001150   史法系资料室/ [索取号:A74/a1] 在馆    
唐山师范学院图书馆 欢迎您!
大连网信软件有限公司© 版权所有